000 00420 a2200121 4500
001 ART_50908
005 20260410162007.0
008 260409a
245 1 0 _aImpacto de la COVID-19 en el régimen de administración de consorcios y la normativa de emergencia
100 1 _aHumphreys, Ethel
700 1 _aMartinat, Julieta
773 0 _tTemas de derecho civil
_g- Año 6, N° 6 (jun. 2020)
_wREV34778
999 _c31878
_d31878